Online
Catalog

Noces / (Record no. 18105)

MARC details
000 -CABECERA
campo de control de longitud fija 00730cam a2200241 a 4500
001 - NÚMERO DE CONTROL
campo de control 000018585
005 - FECHA Y HORA DE LA ÚLTIMA TRANSACCIÓN
campo de control 20200929165827.0
008 - DATOS DE LONGITUD FIJA--INFORMACIÓN GENERAL
campo de control de longitud fija 890922s1950 fr 000 e fre d
040 ## - FUENTE DE LA CATALOGACIÓN
Centro catalogador/agencia de origen DO-SdBNP
Lengua de catalogación fre
Centro/agencia transcriptor LC
Centro/agencia modificador BNPHU
082 ## - NÚMERO DE LA CLASIFICACIÓN DECIMAL DEWEY
Número de clasificación 844.914
Número de documento/Ítem C211n
049 ## - FONDOS LOCALES (OCLC)
Fondos de biblioteca BNGR
100 1# - ENTRADA PRINCIPAL--NOMBRE DE PERSONA
Nombre de persona Camus, Albert,
Fechas asociadas al nombre 1913-1960
9 (RLIN) 4231
245 10 - MENCIÓN DE TÍTULO
Título Noces /
Mención de responsabilidad, etc. Albert Camus.
260 ## - PUBLICACIÓN, DISTRIBUCIÓN, ETC.
Lugar de publicación, distribución, etc. París :
Nombre del editor, distribuidor, etc. Gallimard,
Fecha de publicación, distribución, etc. 1950.
300 ## - DESCRIPCIÓN FÍSICA
Extensión 91 p. ;
Dimensiones 18 cm.
490 1# - MENCIÓN DE SERIE
Mención de serie Les Essais
Designación de volumen o secuencia 39
505 0# - NOTA DE CONTENIDO CON FORMATO
Nota de contenido con formato Noces a Tipasa -- Le vent a Djémila -- L´ été a Alger -- Le désert.
650 #4 - PUNTO DE ACCESO ADICIONAL DE MATERIA--TÉRMINO DE MATERIA
Término de materia o nombre geográfico como elemento de entrada Ensayos franceses
9 (RLIN) 2545
650 #4 - PUNTO DE ACCESO ADICIONAL DE MATERIA--TÉRMINO DE MATERIA
Término de materia o nombre geográfico como elemento de entrada Literatura francesa
Subdivisión cronológica SIGLO XX
9 (RLIN) 4232
830 #4 - PUNTO DE ACCESO ADICIONAL DE SERIE-TÍTULO UNIFORME
Título uniforme Les Essais ;
Designación de volumen o secuencia 39
9 (RLIN) 40185
910 ## - DATOS DE OPCIÓN DEL USUARIO (OCLC)
Datos de opción del usuario Catalogación derivada / LC
910 ## - DATOS DE OPCIÓN DEL USUARIO (OCLC)
Datos de opción del usuario WM
Holdings
Estado de retiro Estado de pérdida Restricciones de uso No para préstamo Código de colección Localización permanente Ubicación/localización actual Ubicación en estantería Fecha de adquisición Número de inventario Total de préstamos Signatura topográfica completa Código de barras Fecha visto por última vez Precio válido a partir de Tipo de ítem Koha
        Monografías: Libros y Folletos General General Depósito 11.05.2010 LF1   844.914 C211n 18585-10 25.06.2020 25.06.2020 Préstamo en sala

Powered by Koha